=LDR 00000nam 2200000 4500 =001 NUTBA000000000002395 =005 20140613160038.0 =006 =007 =008 =020 ##$$a 978-979-1211-64-2 =035 ##$$a 0010-061400000000338 =040 ##$$a NBPDMAT =082 ##$$a 641.5 =090 ##$$a 641.5 $b Ahm a =100 ##$$a Ahmad Said =245 ##$$a Aneka masakan indonesia / $c Ahmad Said =260 ##$$a Jakarta : $b Azka Press, $c 2007 =300 ##$$a iv, 75 hlm. : $b ilus. ; $c 21 cm. =500 ##$$a Bibliografi : hlm. 75 =650 ##$$a Masakan - Resep =850 ##$$a NBPDMAT =990 ##$$a 21401762